[Event "XXXII Memorial Edoardo Crespi B"]
[Site "Milano ITA"]
[Date "2011.12.10"]
[Round "5"]
[White "Marinc, Damir"]
[Black "Marchini, Daniele"]
[Result "1-0"]
[WhiteElo "2003"]
[BlackElo "1813"]
[PlyCount "59"]
[EventDate "2011.12.07"]

1. d4 Nf6 2. Nf3 d5 3. Bg5 Ne4 4. Bf4 c5 5. dxc5 Nc6 6. Nbd2 Nxc5 7. e3 Bf5 8.
Nb3 Nxb3 9. axb3 Qb6 10. c3 e6 11. Be2 g6 12. b4 Bg7 13. Nd4 O-O 14. Bg5 Nxd4
15. exd4 f6 16. Be3 g5 17. O-O a5 18. Ra4 Qd8 19. Qb3 b6 20. Rfa1 Rb8 21. bxa5
bxa5 22. Qa2 Qb6 23. Bc1 Bc2 24. Rxa5 Bb3 25. Qa3 e5 26. Rb5 Qxb5 27. Bxb5 Rxb5
28. Qe7 Bc2 29. Ra7 Bh8 30. Qe6+ 1-0

[Event "XXXII Memorial Edoardo Crespi B"]
[Site "Milano ITA"]
[Date "2011.12.10"]
[Round "5"]
[White "Miracola, Giorgia"]
[Black "Kimbin, Richard Conrod"]
[Result "0-1"]
[WhiteElo "1763"]
[BlackElo "1937"]
[PlyCount "86"]
[EventDate "2011.12.07"]

1. e4 c6 2. d4 d6 3. Nc3 Nf6 4. f4 Qc7 5. Nf3 Bg4 6. h3 Bxf3 7. Qxf3 e5 8. dxe5
dxe5 9. Bc4 Bd6 10. f5 Nbd7 11. O-O b5 12. Bd3 Nb6 13. a4 a6 14. a5 Nbd7 15. g4
h6 16. Bd2 c5 17. Nd5 Nxd5 18. exd5 c4 19. Be4 b4 20. Kg2 Rb8 21. h4 Rb5 22. c3
b3 23. Qe2 Nf6 24. Ra4 Rc5 25. Be1 Kd7 26. Bf2 Rxa5 27. Rxc4 Qb7 28. Rd1 Rc8
29. Rxc8 Qxc8 30. c4 Ra2 31. Bb1 Ra4 32. Rc1 Nxd5 33. Bg3 Rxc4 34. Rxc4 Qxc4
35. Bd3 Qd4 36. Bxa6 Ne3+ 37. Kh3 Nd5 38. Qb5+ Ke7 39. Qxb3 Qe4 40. Qd1 Ne3 41.
Qe2 Qh1+ 42. Bh2 e4 43. Bb7 Nf1 0-1

[Event "XXXII Memorial Edoardo Crespi B"]
[Site "Milano ITA"]
[Date "2011.12.10"]
[Round "5"]
[White "Montoli, Marco"]
[Black "Arnold, Daniele"]
[Result "1/2-1/2"]
[WhiteElo "1929"]
[BlackElo "1824"]
[PlyCount "55"]
[EventDate "2011.12.07"]

1. c4 c5 2. Nf3 g6 3. g3 Bg7 4. Bg2 d6 5. Nc3 Nc6 6. O-O e5 7. d3 Nge7 8. Bg5
O-O 9. Qd2 Be6 10. Bh6 f5 11. Bxg7 Kxg7 12. Ng5 Bg8 13. f4 h6 14. Nf3 exf4 15.
Qxf4 d5 16. cxd5 Nxd5 17. Qd2 Nd4 18. e3 Nxf3+ 19. Bxf3 Rc8 20. Rad1 b6 21.
Nxd5 Bxd5 22. e4 Bc6 23. Qc3+ Qd4+ 24. Qxd4+ cxd4 25. exf5 Bxf3 26. Rxf3 Rxf5
27. Rxf5 gxf5 28. Rd2 1/2-1/2

[Event "XXXII Memorial Edoardo Crespi B"]
[Site "Milano ITA"]
[Date "2011.12.10"]
[Round "5"]
[White "Murli, Almerico"]
[Black "Guzzetti, Luigi Enrico"]
[Result "1-0"]
[WhiteElo "1804"]
[BlackElo "1928"]
[PlyCount "51"]
[EventDate "2011.12.07"]

1. e4 c5 2. Nf3 e6 3. d4 cxd4 4. Nxd4 a6 5. Bd3 Nf6 6. O-O Qc7 7. c4 Nc6 8.
Nxc6 bxc6 9. Nc3 Be7 10. Be3 O-O 11. c5 d5 12. cxd6 Bxd6 13. f4 e5 14. f5 Rb8
15. Qe2 a5 16. Rac1 Qb7 17. Rc2 Bd7 18. g4 h6 19. h4 Kh7 20. g5 Ng8 21. gxh6
Nxh6 22. Qh5 Be8 23. f6 Rg8 24. Rg2 Bf8 25. fxg7 Bxg7 26. Rf6 1-0

[Event "XXXII Memorial Edoardo Crespi B"]
[Site "Milano ITA"]
[Date "2011.12.10"]
[Round "5"]
[White "Olivieri, Alessandro"]
[Black "Rechi Montes, Xavier"]
[Result "1/2-1/2"]
[WhiteElo "1936"]
[BlackElo "1900"]
[PlyCount "95"]
[EventDate "2011.12.07"]

1. d4 Nf6 2. c4 g6 3. g3 Bg7 4. Bg2 O-O 5. Nf3 d6 6. O-O c6 7. Nc3 Qa5 8. e4
Qh5 9. Ng5 Qxd1 10. Rxd1 e5 11. dxe5 dxe5 12. b3 h6 13. Nf3 Bg4 14. Ba3 Re8 15.
Rd2 Bxf3 16. Bxf3 Nbd7 17. c5 Nf8 18. Ne2 Ne6 19. Rad1 Bf8 20. b4 b6 21. Bg2
bxc5 22. bxc5 Rad8 23. Rxd8 Rxd8 24. Rxd8 Nxd8 25. Bb2 Nd7 26. Bh3 Ne6 27. Bxe6
fxe6 28. Ba3 Nxc5 29. f3 Nd3 30. Bxf8 Kxf8 31. Nc3 Ke7 32. Kf1 Nb4 33. Ke2 c5
34. Kd2 g5 35. Ke3 Nc2+ 36. Kd3 Nd4 37. Ke3 Kd6 38. h4 Kc6 39. h5 Nb5 40. Nd1
c4 41. Nf2 Nd6 42. Ng4 Nf7 43. Kd2 Kb5 44. Kc3 a6 45. Ne3 Nd6 46. Ng4 Nf7 47.
Ne3 Nd6 48. Ng4 1/2-1/2

[Event "XXXII Memorial Edoardo Crespi B"]
[Site "Milano ITA"]
[Date "2011.12.10"]
[Round "5"]
[White "Olivo, Mario"]
[Black "Sirletti, Sonia"]
[Result "1-0"]
[WhiteElo "1860"]
[BlackElo "1960"]
[PlyCount "95"]
[EventDate "2011.12.07"]

1. c4 e6 2. g3 Nf6 3. Bg2 d5 4. Nc3 c5 5. d3 Nc6 6. Bg5 d4 7. Ne4 Be7 8. Nxf6+
Bxf6 9. Bxf6 Qxf6 10. Nf3 O-O 11. O-O e5 12. Nd2 Qe7 13. f4 Bg4 14. h3 Bd7 15.
f5 f6 16. a3 a5 17. g4 Ra6 18. Be4 Nd8 19. Qe1 a4 20. h4 Rb6 21. Rb1 Nf7 22.
Qg3 Nd6 23. Bd5+ Kh8 24. e4 dxe3 25. Qxe3 Rc8 26. b4 axb3 27. Rxb3 Rxb3 28.
Nxb3 b5 29. Re1 bxc4 30. dxc4 Ne8 31. Ra1 Ba4 32. Be6 Rc7 33. Bd5 Qd6 34. Nd2
Rc8 35. Rb1 Nc7 36. Ne4 Qf8 37. Bb7 Rd8 38. Qxc5 Qxc5+ 39. Nxc5 Bd1 40. Ne6
Nxe6 41. fxe6 Bxg4 42. Bd5 Bh5 43. a4 g5 44. hxg5 fxg5 45. a5 Rd6 46. Rb6 Rd8
47. a6 Be8 48. a7 1-0

[Event "XXXII Memorial Edoardo Crespi B"]
[Site "Milano ITA"]
[Date "2011.12.10"]
[Round "5"]
[White "Papa, Angelo"]
[Black "Lanni, Vincenzo"]
[Result "1-0"]
[WhiteElo "1850"]
[BlackElo "1766"]
[PlyCount "97"]
[EventDate "2011.12.07"]

1. d4 g6 2. c4 Bg7 3. Nc3 d6 4. e4 Bd7 5. f3 c5 6. d5 f5 7. Bd3 fxe4 8. Bxe4
Nf6 9. Nge2 O-O 10. O-O a6 11. a4 Be8 12. Qc2 Nbd7 13. Nf4 Bf7 14. Ne6 Bxe6 15.
dxe6 Nxe4 16. Qxe4 Ne5 17. Be3 Nc6 18. Rfd1 Qb6 19. Nd5 Qxb2 20. Rab1 Qe5 21.
Qxe5 Nxe5 22. Nxe7+ Kh8 23. Rxb7 Nxc4 24. Nd5 Nxe3 25. Nxe3 Bd4 26. Kf2 Rfe8
27. e7 Kg7 28. Ke2 Bxe3 29. Kxe3 Kf7 30. Rxd6 Rxe7+ 31. Rxe7+ Kxe7 32. Rc6 Kd7
33. Rxc5 Kd6 34. Kd4 Rb8 35. Ra5 Rb6 36. g4 Ke6 37. h4 Kf6 38. g5+ Ke6 39. Kc4
Kd6 40. Rd5+ Kc6 41. Rd8 a5 42. Rd4 Rb4+ 43. Kc3 Rb7 44. Re4 Kd6 45. f4 Rc7+
46. Kd3 Rc5 47. Re5 Rxe5 48. fxe5+ Kxe5 49. Kc4 1-0

[Event "XXXII Memorial Edoardo Crespi B"]
[Site "Milano ITA"]
[Date "2011.12.10"]
[Round "5"]
[White "Patrucco, Carlo"]
[Black "Mondal, Prince"]
[Result "1-0"]
[WhiteElo "1884"]
[BlackElo "1786"]
[PlyCount "61"]
[EventDate "2011.12.07"]

1. e4 c5 2. Nf3 e6 3. d3 d6 4. g3 Nc6 5. Bg2 g6 6. O-O Bg7 7. c3 Nge7 8. Nbd2
O-O 9. a4 Rb8 10. Nc4 d5 11. Ncd2 a6 12. Re1 b5 13. axb5 axb5 14. e5 Qc7 15. d4
c4 16. h4 b4 17. h5 bxc3 18. bxc3 Na5 19. hxg6 fxg6 20. Ba3 Nb7 21. Bh3 Re8 22.
Ng5 Nc6 23. Kg2 Ra8 24. Rh1 Bd7 25. Qf3 Nxe5 26. dxe5 Qxe5 27. Qf7+ Kh8 28.
Nxh7 Bc6 29. Bg4 d4+ 30. Bf3 Bxf3+ 31. Nxf3 1-0

[Event "XXXII Memorial Edoardo Crespi B"]
[Site "Milano ITA"]
[Date "2011.12.10"]
[Round "5"]
[White "Roversi, Stefano"]
[Black "Arboscelli, Gregorio"]
[Result "0-1"]
[WhiteElo "1836"]
[BlackElo "1907"]
[PlyCount "154"]
[EventDate "2011.12.07"]

1. e4 e5 2. Nf3 Nc6 3. Bb5 a6 4. Ba4 Nf6 5. O-O Be7 6. Re1 b5 7. Bb3 d6 8. c3
O-O 9. h3 Nb8 10. d4 Nbd7 11. Nbd2 Bb7 12. Bc2 Re8 13. Nf1 Bf8 14. Ng3 g6 15.
d5 c5 16. dxc6 Bxc6 17. Bg5 Qc7 18. Qd2 Bg7 19. Bh6 d5 20. Bxg7 Kxg7 21. exd5
Bxd5 22. Ne4 Rad8 23. Qg5 Nxe4 24. Bxe4 f6 25. Qg3 Nc5 26. Bxd5 Rxd5 27. Nd4
Qf7 28. Qe3 Red8 29. Nb3 Nd3 30. Red1 Nf4 31. Rxd5 Qxd5 32. f3 Rd7 33. Re1 Ne6
34. Qe4 Nc5 35. Qxd5 Rxd5 36. Nxc5 Rxc5 37. Rd1 f5 38. Rd7+ Kh6 39. Rd6 a5 40.
Kf2 Kg5 41. g3 b4 42. h4+ Kh6 43. Rd3 Kh5 44. Ke3 h6 45. cxb4 axb4 46. Rb3 Ra5
47. Rxb4 Rxa2 48. Rb5 Ra4 49. Kd3 e4+ 50. fxe4 Rxe4 51. b4 Rg4 52. Re5 Rxg3+
53. Kc4 Kxh4 54. b5 Ra3 55. Re6 Ra8 56. Rxg6 Kh5 57. Ra6 Rf8 58. b6 f4 59. b7
Rb8 60. Rb6 f3 61. Kd3 Kg4 62. Rxh6 Rxb7 63. Rg6+ Kf5 64. Rg8 Re7 65. Rg1 Kf4
66. Kd2 f2 67. Rg8 Kf3 68. Rf8+ Kg3 69. Rg8+ Kh2 70. Rf8 Kg2 71. Rg8+ Kf1 72.
Rf8 Re2+ 73. Kd1 Re3 74. Rf7 Rd3+ 75. Kc2 Rg3 76. Kd2 Kg1 77. Ke2 Rg2 0-1

[Event "XXXII Memorial Edoardo Crespi B"]
[Site "Milano ITA"]
[Date "2011.12.10"]
[Round "5"]
[White "Saffioti, Cristian"]
[Black "Dobboletta, Alex"]
[Result "1-0"]
[WhiteElo "1916"]
[BlackElo "1939"]
[PlyCount "57"]
[EventDate "2011.12.07"]

1. e4 c5 2. Nc3 e6 3. Nf3 d6 4. d4 cxd4 5. Nxd4 Nf6 6. Be3 Be7 7. f3 a6 8. Qd2
b5 9. O-O-O Bb7 10. g4 Qc7 11. Kb1 b4 12. Nce2 d5 13. e5 Nfd7 14. f4 Nb6 15. b3
Nc6 16. h4 Nxd4 17. Nxd4 Rc8 18. f5 Qc3 19. fxe6 fxe6 20. Bd3 Qxd2 21. Bxd2 Kd7
22. Rhf1 Rcf8 23. Rxf8 Rxf8 24. Bxh7 Rh8 25. Bg6 Rxh4 26. Bf7 Bc8 27. Bxe6+ Kc7
28. Bxc8 Kxc8 29. Nf5 1-0

[Event "XXXII Memorial Edoardo Crespi B"]
[Site "Milano ITA"]
[Date "2011.12.10"]
[Round "5"]
[White "Saffioti, Massimo"]
[Black "Virzi, Ettore"]
[Result "1-0"]
[WhiteElo "1869"]
[BlackElo "1966"]
[PlyCount "77"]
[EventDate "2011.12.07"]

1. c4 Nf6 2. Nc3 g6 3. g3 Bg7 4. Bg2 O-O 5. e4 d6 6. h3 c5 7. Nge2 Nc6 8. d3 a6
9. Be3 Bd7 10. O-O Rb8 11. Rb1 b5 12. f4 Qc8 13. Kh2 b4 14. Nd5 Ne8 15. Bf2 e6
16. Ne3 Nd4 17. Nxd4 Bxd4 18. Ng4 Bg7 19. Ne3 Bd4 20. Nc2 Bg7 21. b3 e5 22.
fxe5 dxe5 23. Ne3 Nd6 24. Nd5 Re8 25. Be3 f5 26. Qd2 Be6 27. Qf2 Bxd5 28. cxd5
fxe4 29. Bxe4 c4 30. bxc4 Nxe4 31. dxe4 Qxc4 32. Rbc1 Qxe4 33. Qf7+ Kh8 34. Rc7
Rg8 35. Bh6 Qe2+ 36. Rf2 Qxf2+ 37. Qxf2 Bxh6 38. Qa7 Bg7 39. Rxg7 1-0

[Event "XXXII Memorial Edoardo Crespi B"]
[Site "Milano ITA"]
[Date "2011.12.10"]
[Round "5"]
[White "Sala, Giovanni"]
[Black "Riboldi, Raffaele"]
[Result "1-0"]
[WhiteElo "1985"]
[BlackElo "1887"]
[PlyCount "131"]
[EventDate "2011.12.07"]

1. c4 c5 2. g3 g6 3. Bg2 Bg7 4. Nc3 Nc6 5. Nf3 e6 6. e3 Nge7 7. O-O O-O 8. d4
d6 9. d5 exd5 10. cxd5 Ne5 11. Nxe5 Bxe5 12. e4 Qb6 13. Qb3 Qxb3 14. axb3 a6
15. Bf4 f6 16. Bxe5 fxe5 17. Nb5 Rd8 18. f4 Bg4 19. Nc3 Rf8 20. fxe5 dxe5 21.
Rxf8+ Rxf8 22. Na4 Nc8 23. Nxc5 Nd6 24. h3 Be2 25. Re1 Bb5 26. Rc1 Rc8 27. Rc3
b6 28. Na4 Rxc3 29. bxc3 Bxa4 30. bxa4 a5 31. Kf2 Kf7 32. Bf3 Ke7 33. Ke1 Nb7
34. Bd1 Kd6 35. Kd2 Nc5 36. Bc2 Nb7 37. h4 Nc5 38. g4 Nd7 39. Kd3 Nc5+ 40. Kc4
Nb7 41. Kb5 Kc7 42. Kc4 Nd6+ 43. Kd3 Kd7 44. g5 Nb7 45. Kc4 Nd6+ 46. Kd3 Nb7
47. Bd1 Ke7 48. Bc2 Nc5+ 49. Kc4 Kd6 50. Kb5 Nd7 51. Bd1 Kc7 52. Bg4 Nc5 53.
Be6 Nxe4 54. Bg8 Nd6+ 55. Ka6 e4 56. Be6 e3 57. Bg4 Nf5 58. c4 Nd4 59. d6+ Kxd6
60. Kxb6 Nb3 61. h5 Nc5 62. hxg6 hxg6 63. Kxa5 Ke5 64. Kb5 Kd4 65. a5 Nd3 66.
a6 1-0

[Event "XXXII Memorial Edoardo Crespi B"]
[Site "Milano ITA"]
[Date "2011.12.10"]
[Round "5"]
[White "Scagliotti, Guglielmo"]
[Black "Coppola, Federico"]
[Result "1-0"]
[WhiteElo "1777"]
[BlackElo "1858"]
[PlyCount "81"]
[EventDate "2011.12.07"]

1. e4 c5 2. c3 Nf6 3. e5 Nd5 4. Nf3 Nc6 5. d4 cxd4 6. cxd4 d6 7. Bc4 Nb6 8. Bb5
dxe5 9. Nxe5 Bd7 10. Nxd7 Qxd7 11. O-O e6 12. Nc3 Be7 13. Qg4 O-O 14. Bxc6 bxc6
15. Bh6 Bf6 16. Rfd1 Rfd8 17. Ne4 Qe7 18. h3 Rd7 19. Rac1 Rc8 20. b4 Kh8 21.
Nxf6 Qxf6 22. Bg5 Qg6 23. Qg3 Rd5 24. Rc5 h6 25. Bf4 Qxg3 26. Bxg3 Nd7 27. Rxd5
cxd5 28. Bd6 Rc2 29. a4 Nb6 30. a5 Nc4 31. Bc5 Rb2 32. a6 Na3 33. Bxa7 Nb5 34.
Bb6 Ra2 35. Ba5 Kh7 36. Rc1 e5 37. Rc5 Na7 38. Rxd5 exd4 39. Rxd4 Nc6 40. Rd5
Nxa5 41. Rxa5 1-0

[Event "XXXII Memorial Edoardo Crespi B"]
[Site "Milano ITA"]
[Date "2011.12.10"]
[Round "5"]
[White "Silari, Andrea"]
[Black "Santini, Alberto"]
[Result "1/2-1/2"]
[WhiteElo "1784"]
[BlackElo "1872"]
[PlyCount "40"]
[EventDate "2011.12.07"]

1. e4 c6 2. d4 d5 3. Nc3 dxe4 4. Nxe4 Nf6 5. Nxf6+ gxf6 6. Nf3 Bg4 7. Be2 e6 8.
h3 Bh5 9. g4 Bg6 10. Nh4 Qd5 11. f3 Bd6 12. Rg1 Bh2 13. Rg2 Qd6 14. Be3 Bg3+
15. Bf2 Bxf2+ 16. Kxf2 Qf4 17. c3 Nd7 18. Qc1 Qd6 19. Qe3 Nb6 20. c4 Qe7
1/2-1/2

[Event "XXXII Memorial Edoardo Crespi B"]
[Site "Milano ITA"]
[Date "2011.12.10"]
[Round "5"]
[White "Trent, Alan M."]
[Black "Bossoni, Mario"]
[Result "0-1"]
[WhiteElo "1759"]
[BlackElo "1952"]
[PlyCount "70"]
[EventDate "2011.12.07"]

1. e4 c5 2. Nc3 Nc6 3. f4 e6 4. Nf3 d5 5. Bb5 Nge7 6. O-O a6 7. Bxc6+ Nxc6 8.
e5 Be7 9. d3 b5 10. Ne2 Bb7 11. Ng3 h5 12. Ng5 g6 13. h4 Bxg5 14. fxg5 Nxe5 15.
d4 Ng4 16. dxc5 Qc7 17. Qd4 e5 18. Qc3 d4 19. Qb3 Rd8 20. Re1 Qxc5 21. Qd3 O-O
22. Bd2 Rfe8 23. Ne4 Qc6 24. Re2 b4 25. Qf3 Qb6 26. Rf1 Bd5 27. Nf6+ Nxf6 28.
Qxf6 Rd6 29. Qf2 e4 30. Qe1 a5 31. Rf6 Rxf6 32. gxf6 Qxf6 33. Rf2 Qb6 34. Bg5
e3 35. Rf6 Qc7 0-1

[Event "XXXII Memorial Edoardo Crespi B"]
[Site "Milano ITA"]
[Date "2011.12.11"]
[Round "6"]
[White "Alidosi, Marco"]
[Black "Falchi, Claudio"]
[Result "0-1"]
[WhiteElo "1817"]
[BlackElo "1784"]
[PlyCount "26"]
[EventDate "2011.12.07"]

1. d4 e6 2. Bf4 f5 3. Nf3 Nf6 4. e3 d5 5. Be2 Bd6 6. Ne5 O-O 7. O-O Ne4 8. c4
c6 9. Nd2 g5 10. Nxe4 dxe4 11. c5 Be7 12. g4 gxf4 13. gxf5 f3 0-1

[Event "XXXII Memorial Edoardo Crespi B"]
[Site "Milano ITA"]
[Date "2011.12.11"]
[Round "6"]
[White "Arboscelli, Gregorio"]
[Black "Brigatti, Lorenzo"]
[Result "1-0"]
[WhiteElo "1907"]
[BlackElo "1863"]
[PlyCount "103"]
[EventDate "2011.12.07"]

1. Nf3 g6 2. c4 c5 3. Nc3 Nc6 4. g3 Bg7 5. Bg2 e6 6. O-O Nge7 7. b3 d5 8. cxd5
exd5 9. Bb2 O-O 10. d3 Bf5 11. Rc1 Rc8 12. Qd2 Qd7 13. Na4 b6 14. Bxg7 Kxg7 15.
d4 c4 16. bxc4 Na5 17. Nb2 Nxc4 18. Nxc4 dxc4 19. Ne5 Qa4 20. e4 Bd7 21. d5 f6
22. Nxd7 Qxd7 23. Qb4 b5 24. Rfd1 a5 25. Qxa5 Ra8 26. Qd2 Qd6 27. Rc2 Ra3 28.
Qd4 Rfa8 29. Rdd2 R8a4 30. Rc3 Rxa2 31. f4 Rxd2 32. Qxd2 Nc6 33. h3 Nb4 34. Qd4
Ra1+ 35. Kh2 Ra2 36. Kg1 Nd3 37. Bf1 Qb4 38. Rxd3 Qe1 39. Rf3 Re2 40. e5 fxe5
41. fxe5 Rxe5 42. d6 Qe4 43. Rf4 Qxd4+ 44. Rxd4 Re8 45. d7 Rd8 46. Kf2 Kf6 47.
Ke3 Ke6 48. h4 b4 49. Bxc4+ Ke7 50. Kf4 h6 51. Ke5 Rb8 52. d8=Q+ 1-0

[Event "XXXII Memorial Edoardo Crespi B"]
[Site "Milano ITA"]
[Date "2011.12.11"]
[Round "6"]
[White "Arnold, Daniele"]
[Black "Forno, Roberto"]
[Result "0-1"]
[WhiteElo "1824"]
[BlackElo "1911"]
[PlyCount "58"]
[EventDate "2011.12.07"]

1. e4 g6 2. d4 Bg7 3. Be3 c5 4. c3 Nf6 5. Bd3 cxd4 6. cxd4 O-O 7. Nc3 d6 8.
Nge2 Nc6 9. d5 Ne5 10. O-O Bd7 11. h3 a6 12. f4 Nxd3 13. Qxd3 b5 14. e5 Ne8 15.
Bd4 b4 16. Ne4 Bb5 17. Qe3 dxe5 18. Bxe5 Bxe5 19. fxe5 Qxd5 20. N4g3 Rc8 21.
Rf4 Bxe2 22. Qxe2 Ng7 23. Kh1 a5 24. Rh4 Rc5 25. Qe3 h5 26. Re1 Rfc8 27. Qg5
Rc2 28. Ne4 Rxb2 29. g4 Rb1 0-1

[Event "XXXII Memorial Edoardo Crespi B"]
[Site "Milano ITA"]
[Date "2011.12.11"]
[Round "6"]
[White "Barolo, Andrea"]
[Black "Brociner, Beniamino"]
[Result "0-1"]
[WhiteElo "1944"]
[BlackElo "1941"]
[PlyCount "44"]
[EventDate "2011.12.07"]

1. e4 c5 2. c3 d5 3. exd5 Qxd5 4. d4 Nc6 5. Nf3 e5 6. Nxe5 Nxe5 7. dxe5 Qxe5+
8. Be3 a6 9. Bc4 Bd6 10. Nd2 Nf6 11. Nf3 Qe7 12. O-O O-O 13. Re1 Qc7 14. h3 b5
15. Bd3 Bb7 16. Bg5 Rad8 17. Bxf6 gxf6 18. Nh4 Kh8 19. Kh1 Bg3 20. fxg3 Qxg3
21. Qh5 Rxd3 22. Nf3 Rxf3 0-1

[Event "XXXII Memorial Edoardo Crespi B"]
[Site "Milano ITA"]
[Date "2011.12.11"]
[Round "6"]
[White "Beltrami, Francesco"]
[Black "Papa, Angelo"]
[Result "1-0"]
[WhiteElo "1857"]
[BlackElo "1850"]
[PlyCount "59"]
[EventDate "2011.12.07"]

1. Nf3 g6 2. e4 Bg7 3. d4 d6 4. Bc4 Nf6 5. e5 dxe5 6. Nxe5 O-O 7. O-O c6 8. c3
Nbd7 9. Bf4 Nb6 10. Bb3 a5 11. Qc1 Nbd5 12. Bh6 Qc7 13. a3 a4 14. Bxg7 Kxg7 15.
Bc2 Bd7 16. c4 Nb6 17. b4 axb3 18. Bxb3 c5 19. Nxd7 Nbxd7 20. d5 Rfe8 21. Nc3
Qe5 22. Re1 Qh5 23. f3 e6 24. dxe6 fxe6 25. Nb5 Re7 26. Nc7 Rae8 27. Nxe8+ Nxe8
28. Ba4 Nb6 29. Bxe8 Rxe8 30. Qb2+ 1-0

[Event "XXXII Memorial Edoardo Crespi B"]
[Site "Milano ITA"]
[Date "2011.12.11"]
[Round "6"]
[White "Bonassi, Tommaso"]
[Black "Montoli, Marco"]
[Result "1-0"]
[WhiteElo "1843"]
[BlackElo "1929"]
[PlyCount "83"]
[EventDate "2011.12.07"]

1. e4 c5 2. Nf3 e6 3. d4 cxd4 4. Nxd4 Nc6 5. Be3 a6 6. Be2 Nf6 7. Bf3 Qc7 8.
O-O Be7 9. c4 Ne5 10. b3 O-O 11. Nc3 Nxf3+ 12. Qxf3 d6 13. Qe2 b6 14. f3 Bb7
15. Rac1 Rac8 16. Rfd1 Qb8 17. Na4 Nd7 18. Bf2 Ba8 19. Bg3 Rfd8 20. Kh1 Nc5 21.
Nc3 Nd7 22. Nc2 b5 23. Ne3 b4 24. Na4 Bc6 25. Nb2 Ne5 26. Nc2 Ba8 27. Nd4 Qa7
28. Bf2 Qb8 29. Bg3 Qa7 30. Qe1 Qb8 31. Nd3 Nxd3 32. Rxd3 Qb6 33. Rcd1 Rd7 34.
Nc2 a5 35. Ne3 Rcd8 36. Bf2 Qc7 37. Bh4 Bxh4 38. Qxh4 d5 39. exd5 exd5 40. Nxd5
Bxd5 41. cxd5 Rxd5 42. Qxd8+ 1-0

[Event "XXXII Memorial Edoardo Crespi B"]
[Site "Milano ITA"]
[Date "2011.12.11"]
[Round "6"]
[White "Bossoni, Mario"]
[Black "Santini, Alberto"]
[Result "1/2-1/2"]
[WhiteElo "1952"]
[BlackElo "1872"]
[PlyCount "38"]
[EventDate "2011.12.07"]

1. e4 c6 2. d4 d5 3. Nc3 dxe4 4. Nxe4 Nf6 5. Nxf6+ gxf6 6. Nf3 Bg4 7. c3 e6 8.
Be2 Bd6 9. Be3 Nd7 10. Qd2 Qc7 11. h3 Bh5 12. O-O-O O-O-O 13. Kb1 Kb8 14. g4
Bg6+ 15. Ka1 Be4 16. Rhf1 Nb6 17. Nh4 Nd5 18. f3 Nxe3 19. Qxe3 Bg6 1/2-1/2

[Event "XXXII Memorial Edoardo Crespi B"]
[Site "Milano ITA"]
[Date "2011.12.11"]
[Round "6"]
[White "Caldarola, Stefano"]
[Black "Saffioti, Massimo"]
[Result "0-1"]
[WhiteElo "1812"]
[BlackElo "1869"]
[PlyCount "70"]
[EventDate "2011.12.07"]

1. d4 d5 2. c4 e6 3. g3 Nf6 4. Nf3 c5 5. cxd5 exd5 6. Bg2 Nc6 7. O-O c4 8. Nc3
Bb4 9. Bg5 Bxc3 10. bxc3 O-O 11. Re1 Qa5 12. Bxf6 gxf6 13. Qc2 Ne7 14. Nd2 Be6
15. e4 Rac8 16. exd5 Nxd5 17. Rac1 Qd8 18. Be4 h6 19. Bf5 Qd7 20. Bxe6 fxe6 21.
Qg6+ Qg7 22. Qe4 Rfe8 23. Nf3 b5 24. h3 b4 25. cxb4 Nxb4 26. Rb1 f5 27. Qe5 Nd3
28. Qxg7+ Kxg7 29. Rb7+ Kf6 30. Ne5 Nxe1 31. Rf7+ Kg5 32. f4+ Kh5 33. g4+ fxg4
34. hxg4+ Kh4 35. Rh7 Kg3 0-1

[Event "XXXII Memorial Edoardo Crespi B"]
[Site "Milano ITA"]
[Date "2011.12.11"]
[Round "6"]
[White "Ciciotti, Augusto"]
[Black "Cocconcelli, Lorenzo"]
[Result "1-0"]
[WhiteElo "1917"]
[BlackElo "1900"]
[PlyCount "57"]
[EventDate "2011.12.07"]

1. d4 d5 2. c4 c6 3. Nf3 Nf6 4. Qc2 g6 5. Bf4 Bg7 6. e3 a6 7. h3 Bf5 8. Qb3 Qc8
9. Nc3 dxc4 10. Bxc4 e6 11. Nd2 g5 12. Bxg5 b5 13. Be2 Nbd7 14. e4 Bg6 15. O-O
e5 16. dxe5 Nc5 17. Qc2 Nfd7 18. f4 h6 19. Bh4 Bh7 20. Rac1 Ne6 21. Bg4 Qb7 22.
Ne2 c5 23. Bxe6 fxe6 24. Qb3 Qb6 25. Kh1 Bg8 26. Qg3 Rh7 27. Qg6+ Bf7 28. Qxh7
Bf8 29. Bf6 1-0

[Event "XXXII Memorial Edoardo Crespi B"]
[Site "Milano ITA"]
[Date "2011.12.11"]
[Round "6"]
[White "Coppola, Federico"]
[Black "Roversi, Stefano"]
[Result "0-1"]
[WhiteElo "1858"]
[BlackElo "1836"]
[PlyCount "134"]
[EventDate "2011.12.07"]

1. e4 c5 2. Nf3 Nc6 3. d4 cxd4 4. Nxd4 a6 5. Nc3 e6 6. Be2 Nge7 7. Be3 Nxd4 8.
Qxd4 b5 9. f4 Nc6 10. Qd2 Be7 11. O-O Bb7 12. Rad1 Rc8 13. Bf3 Na5 14. Qd3 Nc4
15. Bc1 Qc7 16. Ne2 d6 17. Nd4 O-O 18. Kh1 Bf6 19. b3 Nb6 20. Ba3 Rfd8 21. Bxd6
Rxd6 22. e5 Rxd4 23. Qxd4 Bxf3 24. Rxf3 Rd8 25. Qa1 Rxd1+ 26. Qxd1 Be7 27. Rd3
Nd5 28. a4 b4 29. Rd4 Bc5 30. Rd3 Nxf4 31. Rf3 Qxe5 32. Qf1 Nd5 33. Qxa6 Bd6
34. Qc8+ Bf8 35. Qc4 Qe1+ 36. Rf1 Qc3 37. Qe2 Ne3 38. Re1 Nxc2 39. Rc1 Nd4 40.
Rxc3 Nxe2 41. Rc8 Nd4 42. a5 g6 43. a6 Nb5 44. Rb8 Na7 45. Ra8 Nb5 46. a7 Nxa7
47. Rxa7 Kg7 48. g3 e5 49. Kg2 Kf6 50. Kf3 Ke6 51. Ra6+ Bd6 52. Ra7 h5 53. h3
f5 54. g4 e4+ 55. Ke2 hxg4 56. hxg4 f4 57. Ra5 Be5 58. Rb5 Bc3 59. Ra5 Bd4 60.
Ra8 f3+ 61. Kf1 Ke5 62. Rf8 Be3 63. Re8+ Kd4 64. Re6 g5 65. Rb6 Kc3 66. Re6 Kd3
67. Re8 Bd2 0-1

[Event "XXXII Memorial Edoardo Crespi B"]
[Site "Milano ITA"]
[Date "2011.12.11"]
[Round "6"]
[White "Dobboletta, Alex"]
[Black "Olivo, Mario"]
[Result "1-0"]
[WhiteElo "1939"]
[BlackElo "1860"]
[PlyCount "58"]
[EventDate "2011.12.07"]

1. e4 c5 2. Nf3 d6 3. d4 cxd4 4. Nxd4 Nf6 5. Nc3 a6 6. f3 e6 7. Be3 Be7 8. g4
h6 9. Qd2 Nc6 10. O-O-O Qc7 11. h4 h5 12. g5 Nd7 13. g6 Nde5 14. gxf7+ Nxf7 15.
Bh3 Nxd4 16. Bxd4 Rg8 17. f4 Qa5 18. Qf2 Bd8 19. Rhg1 e5 20. Bxc8 Rxc8 21. fxe5
dxe5 22. Rdf1 Qc7 23. Bb6 Bxh4 24. Qxh4 Qxb6 25. Nd5 Qh6+ 26. Kb1 g5 27. Nf6+
Qxf6 28. Rxf6 gxh4 29. Rxg8+ Ke7 1-0

[Event "XXXII Memorial Edoardo Crespi B"]
[Site "Milano ITA"]
[Date "2011.12.11"]
[Round "6"]
[White "Guzzetti, Luigi Enrico"]
[Black "Silari, Andrea"]
[Result "1-0"]
[WhiteElo "1928"]
[BlackElo "1784"]
[PlyCount "107"]
[EventDate "2011.12.07"]

1. e4 c5 2. Nf3 Nc6 3. d4 cxd4 4. Nxd4 Nf6 5. Nc3 d6 6. Be2 e6 7. Be3 a6 8. O-O
Be7 9. f4 O-O 10. Qd2 Nxd4 11. Bxd4 e5 12. Be3 b5 13. Bf3 Bb7 14. Rad1 b4 15.
Nd5 Bxd5 16. exd5 e4 17. Be2 a5 18. c4 Nd7 19. g4 f5 20. gxf5 Rxf5 21. Bg4 Rf6
22. Kh1 Qc7 23. Be6+ Kh8 24. Qc2 Nf8 25. Qxe4 Nxe6 26. dxe6 Raf8 27. f5 Rc8 28.
b3 h6 29. Rg1 Rff8 30. Bd4 Bf6 31. Bxf6 Rxf6 32. Qd5 Qc6 33. Qxc6 Rxc6 34. Rd5
a4 35. Re1 Rc8 36. Rxd6 axb3 37. axb3 Re8 38. Rd5 Kg8 39. c5 Rff8 40. e7 Rf6
41. Ree5 Kf7 42. Rd7 Rc6 43. Rd6 Rc7 44. Rb6 Rexe7 45. Rxe7+ Kxe7 46. Rxb4 Rxc5
47. Rf4 Rb5 48. b4 Kf6 49. Kg2 Rxf5 50. Kf3 g5 51. Rxf5+ Kxf5 52. b5 Ke5 53.
Kg4 Kd6 54. Kh5 1-0